| 000 | 00348nam a2200133 a 4500 | ||
|---|---|---|---|
| 005 | 20141022142001.0 | ||
| 008 | 100924s19uu xx 00 eng d | ||
| 050 |
_aDVD _bW15 2008 |
||
| 245 | _aWalking with Cavemen. | ||
| 260 |
_bBritish Broadcasting Corp, _cc2008. |
||
| 650 | _aAncient civilization. | ||
| 650 | _aAfrica-culture. | ||
| 942 | _cAVM | ||
| 999 |
_c276287 _d276287 |
||